000 00520nam a22001932 4500
001 0000003314
005 20170406114924.0
008 140609s xx 000 0 eng d
020 _c$
040 _aYour Holding Symbol
_cYour Holding Symbol
100 1 _aPrideaux,Tom.
245 1 4 _aThe world of delacroix 1798-1963.
250 _a ed.
260 _aNew york :
_bTime incorporated,
_c1966.
300 _a196 p. :
_bill ;
_c cm.
504 _aindex.
650 0 _apaintings.
908 _a140609
999 _c3193
_d3193